00836nam a2200205 a 450000100100000000500170001000800410002702000150006804000250008310000280010824501210013626000280025730000210028549000780030650400320038450000210041650400730043771000420051083000780055200004184720201002035805.0131018s1979 sp a 000 0 spa d a8400045998 aDO-SdBNPbspacBNPHU1 aGarrido Aranda, Antonio10aOrganización de la Iglesia en el Reino de Granada y su proyección en Indias Siglo XVI /cAntonio Garrido Aranda. aSevilla :bCSIC,c1979. a385 p. ;c25 cm.1 aPublicaciones de la Escuela de Estudios Hispanoamericanos de Sevillav261 aBibliografía : p. 363-374 aIncluye índice aIncluye referencias bibliográficas y notas al pie de las páginas2 aEscuela de Estudios Hispanoamericanos 0aPublicaciones de la Escuela de Estudios Hispanoamericanos de Sevillav261